Conference of Heads of State and Governments of Non-aligned Countries, Cairo, October 5-10, 1964. (Record no. 50016)

MARC details
000 -LEADER
fixed length control field 01034cam a22002411 4500
001 - CONTROL NUMBER
control field ne 68000381
003 - CONTROL NUMBER IDENTIFIER
control field DLC
005 - DATE AND TIME OF LATEST TRANSACTION
control field 20260227111837.0
008 - FIXED-LENGTH DATA ELEMENTS--GENERAL INFORMATION
fixed length control field 710901s1965 ua 100 0 eng
010 ## - LIBRARY OF CONGRESS CONTROL NUMBER
LC control number ne 68000381
025 ## - OVERSEAS ACQUISITION NUMBER
Overseas acquisition number PL480:UAR-8258
040 ## - CATALOGING SOURCE
Original cataloging agency DLC
Transcribing agency DLC
Modifying agency DLC
050 00 - LIBRARY OF CONGRESS CALL NUMBER
Classification number D839.2
Item number .C65 1964d
111 2# - MAIN ENTRY--MEETING NAME
Meeting name or jurisdiction name as entry element Conference of Heads of State or Government of Non-aligned Countries
Number of part/section/meeting (2nd :
Date of meeting or treaty signing 1964 :
Location of meeting Cairo, Egypt)
245 00 - TITLE STATEMENT
Title Conference of Heads of State and Governments of Non-aligned Countries, Cairo, October 5-10, 1964.
260 ## - PUBLICATION, DISTRIBUTION, ETC.
Place of publication, distribution, etc. Cairo
Name of publisher, distributor, etc. [National Publication House,
Date of publication, distribution, etc. 1965]
300 ## - PHYSICAL DESCRIPTION
Extent 357 p.
Dimensions 24 cm.
350 ## - PRICE (NR) (BK AM CF MU VM SE) [OBSOLETE]
Price N.T.
500 ## - GENERAL NOTE
General note At head of title: Ministry of National Guidance, Information Administration.
500 ## - GENERAL NOTE
General note "Comprises the speeches and statements of the Heads of State and Governments of the non-aligned countries in addition to the resolutions of the Conference."
650 #0 - SUBJECT ADDED ENTRY--TOPICAL TERM
Topical term or geographic name entry element World politics
Chronological subdivision 1955-1965
General subdivision Congresses.
710 1# - ADDED ENTRY--CORPORATE NAME
Corporate name or jurisdiction name as entry element United Arab Republic.
Subordinate unit Maṣlaḥat al-Istiʻlāmāt.

No items available.

Powered by Koha